RPZ - Qui a dit ça? - Statistiques

Statistiques générales
  • Ce quiz a été pris 24 fois
  • Le résultat moyen est 13 sur 27
Statistiques - réponses
Hint Réponse % Correct
Vous savez une fois j'ai explosé Daniel Croute
85%
L'information n'attend pas ! Earl Bailey
80%
C'est la diversité! Antoine Croute
75%
Petit à petit l'oiseau fait son nid, Fabien ! Cui cui cui, Fabien ! Donatien de Montazac
75%
Encore une enquête rondement menée par les unités d'élites du LSPD Francis Kuck
75%
J'ai mal au dos. Gérard Pichon
70%
Vas-y Jim, reviens vers la lumière, que j't'y renvoie plus tard Bernard Pichon
65%
J'suis contente que mon ultime culbute soit avec vous, lieutenant ! Vanessa Martoni
65%
Je préfère être chauve que de pas avoir de cheveux Joshua Cox
60%
On est tous d'accord, Earl Bailey, on s'en bat tous les couilles Lenny Johnson
60%
J'ai déjà sucé un pote Bazil Lombrik
55%
Je veux brûler tout le monde, mais j'veux soulever Abi ! Haylie James
55%
Excusez-moi les p'tits jeunes, est-ce que vous voulez de l'exta ? Henriette de Lacroix
55%
Juan j'aimerais m'assoir une dernière fois sur ton visage Hayley Mayers
50%
Je suis un homme intègre moi. Un peu. Des fois. J'ai bon fond, c'est déjà ça. Didier Traoul
40%
Dans l'cul la babouche Grégoire Maison
40%
Arrête la voiture. Marcello Capone
40%
Avec deux L parce que c'est plus pratique pour voler, mais sans E parce que j'aime pas ça. Sally Sullivan
40%
C'est un peu l'hôpital qui se fout de la charrue avant les bœufs Liam Dunne
35%
Y'a erreur de casting Lindsay Walker
35%
Heureusement que j'ai le mulet qui a amorti la chute Titouan Martino
35%
Ceinture, sécurité ça commence par la même lettre, c'est un moyen mnémotechnique Michael Rixzy
30%
Ah ouais chaud Twain Logan
30%
Miguel, je vous fait un bisous si vous êtes sage Frank Peine
25%
Tu veux t'asseoir sur des cônes toi, non ? Julien Grine
25%
Haut les mains, peau de lapin, vous êtes en état d'arr- de gestation! Thomas Giorno
25%
Vous pouvez pas frapper une handicapée, j'ai des lunettes. Abigail King
20%
Aucun quiz correspondant
Distribution des résultats
% des personnes avec chaque résultat
Percentile par nombre de réponses
Votre historique - résultats
Vous n’avez pas pris ce quiz